Between Arab and Israeli / (Record no. 21380)
[ view plain ]
| 000 -LEADER | |
|---|---|
| fixed length control field | 00845cam a22002531 4500 |
| 001 - CONTROL NUMBER | |
| control field | 8443628 |
| 003 - CONTROL NUMBER IDENTIFIER | |
| control field | BDDh-ASL |
| 005 - DATE AND TIME OF LATEST TRANSACTION | |
| control field | 20231015030006.0 |
| 008 - FIXED-LENGTH DATA ELEMENTS--GENERAL INFORMATION | |
| fixed length control field | 810311s1962 oncab b 001 0 eng |
| 010 ## - LIBRARY OF CONGRESS CONTROL NUMBER | |
| LC control number | 63000297 |
| 035 ## - SYSTEM CONTROL NUMBER | |
| System control number | (OCoLC)7217131 |
| 040 ## - CATALOGING SOURCE | |
| Original cataloging agency | DLC |
| Transcribing agency | MBU |
| Modifying agency | DLC |
| -- | BDDh-ASL |
| 050 00 - LIBRARY OF CONGRESS CALL NUMBER | |
| Classification number | DS126.4 |
| Item number | .B84 |
| 082 ## - DEWEY DECIMAL CLASSIFICATION NUMBER | |
| Classification number | 327.5305 |
| Item number | BUB |
| 100 1# - MAIN ENTRY--PERSONAL NAME | |
| Personal name | Burns, E. L. M. |
| Fuller form of name | (Eedson Louis Millard), |
| Dates associated with a name | 1897-1985. |
| 245 10 - TITLE STATEMENT | |
| Title | Between Arab and Israeli / |
| 260 ## - PUBLICATION, DISTRIBUTION, ETC. | |
| Place of publication, distribution, etc. | Toronto: |
| Name of publisher, distributor, etc. | George G. Harrap & Co. Ltd., |
| Date of publication, distribution, etc. | 1962. |
| 300 ## - PHYSICAL DESCRIPTION | |
| Extent | 336 p. |
| Other physical details | illus., maps. |
| Dimensions | 24 cm. |
| 610 20 - SUBJECT ADDED ENTRY--CORPORATE NAME | |
| Corporate name or jurisdiction name as entry element | United Nations. |
| Subordinate unit | Security Council. |
| -- | Truce Supervision Organization in Palestine. |
| 650 #0 - SUBJECT ADDED ENTRY--TOPICAL TERM | |
| Topical term or geographic name entry element | Israel-Arab War, 1948-1949 |
| General subdivision | Armistices. |
| 651 #0 - SUBJECT ADDED ENTRY--GEOGRAPHIC NAME | |
| Geographic name | Egypt |
| General subdivision | History |
| Chronological subdivision | Intervention, 1956. |
| 906 ## - LOCAL DATA ELEMENT F, LDF (RLIN) | |
| a | 7 |
| b | cbc |
| c | oclcrpl |
| d | u |
| e | ncip |
| f | 19 |
| g | y-gencatlg |
| 942 ## - ADDED ENTRY ELEMENTS (KOHA) | |
| Source of classification or shelving scheme | Dewey Decimal Classification |
| Koha item type | Books |
| Withdrawn status | Lost status | Source of classification or shelving scheme | Damaged status | Not for loan | Collection code | Home library | Current library | Shelving location | Date acquired | Source of acquisition | Total Checkouts | Full call number | Barcode | Date last seen | Copy number | Price effective from | Koha item type |
|---|---|---|---|---|---|---|---|---|---|---|---|---|---|---|---|---|---|
| Dewey Decimal Classification | Non-fiction | Asiatic Society Library | Asiatic Society Library | General Stacks | 01/30/2021 | ASB Collection | 327.5305 BUB | 105087 | 01/30/2021 | C-1 | 01/30/2021 | Books |